000 00921nam a2200217Ia 4500
003 GCL
008 140319s9999 xx 000 0 ara d
040 _aGCL /
_cGCL
082 0 4 _a333.33
_bح د
100 1 _aحسين محمد جمعة
245 1 0 _aالدليل العقاري :
_bالصيانة وإدارة العقارات - التقييم العقارى - التمويل العقارى - الشهر العقارى - الضرائب العقارية - المعلومات القانونية العقارية - الثروة العقارية /
_cحسين محمد جمعة
260 _aالقاهرة :
_bحسين جمعة ،
_c2006
300 _a265 ص ؛
_c24 سم
650 0 4 _aضرائب العقارات
650 0 4 _aتخطيط المدن
650 0 4 _aالشهر العقارى
650 0 4 _aالعقارات
650 0 4 _aالتمويل
650 0 4 _aالملكية العقارية
942 _2ddc
_cBK
999 _c9274
_d9274